|
|
|
|
| LEADER |
00000cam a2200000 7i4500 |
| 001 |
0000006535 |
| 002 |
000007049 |
| 005 |
20000330.0 |
| 020 |
|
|
|a 9836220623
|
| 090 |
0 |
0 |
|a F
|b NOR
|
| 100 |
0 |
|
|a Norhisham Mustaffa
|
| 245 |
1 |
0 |
|a Menguak kabus
|c Norhisham Mustaffa
|
| 260 |
|
|
|a Kuala Lumpur :
|b DBP ,
|c 1993
|
| 300 |
|
|
|a 188 p. ;
|c 18 cm.
|
| 650 |
0 |
0 |
|a General fiction, Malay
|
| 999 |
|
|
|a 039360
|b BUKU
|c PINJAMAN
|e PERPUSTAKAAN KOMUNITI PETALING JAYA
|
| 999 |
|
|
|a 039707
|b BUKU
|c PINJAMAN
|e PERPUSTAKAAN KOMUNITI PETALING JAYA
|
| 999 |
|
|
|a 039708
|b BUKU
|c PINJAMAN
|e PERPUSTAKAAN KOMUNITI PETALING JAYA
|